000
00319nam a22001337a 4500
008
170609b xxu||||| |||| 00| 0 eng d
020
_a
0399127380
041
_a
eng
080
_a
328
100
_a
19
101
_a
SHP
245
_a
CRISIS THE LAST YEAR OF THE CARTER PRESIDENCY
_c
JORDAN.H
942
_2
udc
_c
BK
999
_c
16693
_d
16693